African wildlife laws (Record no. 83821)
[ view plain ]
| 000 -LEADER | |
|---|---|
| fixed length control field | 00954nam a2200241 a 4500 |
| 008 - FIXED-LENGTH DATA ELEMENTS--GENERAL INFORMATION | |
| fixed length control field | 120416s1986 ||||||||||||||||| || u |
| 020 ## - INTERNATIONAL STANDARD BOOK NUMBER | |
| International Standard Book Number | 2880320917 |
| 050 ## - LIBRARY OF CONGRESS CALL NUMBER | |
| Classification number | KG 17 AFR |
| 100 ## - MAIN ENTRY--PERSONAL NAME | |
| Personal name | Lausche, Barbara |
| 245 10 - TITLE STATEMENT | |
| Title | African wildlife laws |
| 246 ## - | |
| -- | The I.U.C.N. |
| 260 ## - PUBLICATION, DISTRIBUTION, ETC. | |
| Place of publication, distribution, etc. | Siegburg |
| Name of publisher, distributor, etc. | IUCN |
| Date of publication, distribution, etc. | 1986 |
| 300 ## - PHYSICAL DESCRIPTION | |
| Extent | 1712p. |
| 350 ## - | |
| -- | 0.00 |
| 490 ## - | |
| -- | IUCN environmental policy & law occasional paper |
| 490 ## - | |
| -- | no. 3 ; The IUCN conservation library |
| 500 ## - GENERAL NOTE | |
| General note | English and French. -Includes summaries of related legislations. |
| 650 ## - SUBJECT ADDED ENTRY--TOPICAL TERM | |
| Topical term or geographic name entry element | WILDLIFE |
| 650 ## - SUBJECT ADDED ENTRY--TOPICAL TERM | |
| Topical term or geographic name entry element | WILDLIFE CONSERVATION--LAW AND LEGISLATION--AFRICA |
| 710 ## - ADDED ENTRY--CORPORATE NAME | |
| Corporate name or jurisdiction name as entry element | IUCN Environmental Law Centre |
| 995 ## - | |
| -- | REFERENCE BOOKS |
| -- | 0.00 |
| -- | 721385 |
| -- | CBU-MAIN LIBRARY (Kitwe) |
| -- | 1 |
| -- | 21.00 |
| -- | KG 17 Afr |
| -- | 1 |
| -- | REFERENCE |
| -- | 022600 |
| -- | Reference Collection |
| 995 ## - | |
| -- | REFERENCE BOOKS |
| -- | 0.00 |
| -- | 721386 |
| -- | CBU-MAIN LIBRARY (Kitwe) |
| -- | 2 |
| -- | 21.00 |
| -- | KG 17 Afr |
| -- | 2 |
| -- | REFERENCE |
| -- | 022601 |
| -- | Reference Collection |
| 999 ## - | |
| -- | 83821 |
| -- | 83821 |
| Withdrawn status | Lost status | Source of classification or shelving scheme | Damaged status | Not for loan | Permanent Location | Current Location | Shelving location | Date acquired | Total Checkouts | Full call number | Barcode | Date last seen | Copy number | Price effective from | Koha item type |
|---|---|---|---|---|---|---|---|---|---|---|---|---|---|---|---|
| CBU-MAIN LIBRARY, KITWE. | CBU-MAIN LIBRARY, KITWE. | 01/08/2024 | KG 17 AFR | 022600 | 01/08/2024 | 1 | 01/08/2024 | REFERENCE COLLECTION | |||||||
| CBU-MAIN LIBRARY, KITWE. | CBU-MAIN LIBRARY, KITWE. | 01/08/2024 | KG 17 AFR | 022601 | 01/08/2024 | 2 | 01/08/2024 | REFERENCE COLLECTION |